000 00483nam a2200169Ia 4500
003 GCL
008 140319s9999 xx 000 0 ara d
040 _aGCL /
_cGCL
082 0 4 _a891.55
_bى ح
100 1 _aيحيى الخشاب
245 1 0 _aحكايات فارسية /
_cيحيى الخشاب
300 _a196 ص
490 _a100 قصة
_v0
650 0 4 _aالادب الفارسى المترجم
650 0 4 _aالقصص الفرنسية المترجمة
942 _2ddc
_cBK
999 _c46049
_d46049